| 000 | 00424nam a2200157 4500 | ||
|---|---|---|---|
| 999 |
_c12472 _d12472 |
||
| 008 | 210202b ||||| |||| 00| 0 eng d | ||
| 020 | _cRs60.00 | ||
| 082 | 0 | 0 |
_a891.43 _bT835 |
| 100 |
_94618 _aTripathi, Binod Kumar |
||
| 245 | 1 | 0 |
_aPC Kaise chalayen / _cby Binod Kumar Tripathi |
| 260 |
_aHowrah : _bVivek Vikash Prakashan, _cn.d. |
||
| 300 | _a208 p. | ||
| 365 | _bINR60.00 | ||
| 650 | 0 | _aHindi fiction | |
| 942 |
_2ddc _cBK |
||